Vivamos la música (Registro nro. 437168)

Detalles MARC
000 -LÍDER
Campo fijo de descripción fija 01493nam a22003857a 4500
003 - IDENTIFICADOR DEL NÚMERO DE CONTROL
Campo de control BCEG
005 - FECHA Y HORA DE LA ULTIMA TRANSACCIÓN
control field 20260408170614.0
008 - ELEMENTOS DE LONGITUD FIJA -- INFORMACIÓN GENERAL
Campo fijo de descripción fija -- Información general 260408r20082001sp |||||||||||||| 0 spa d
020 ## - ISBN
Isbn 9788434224346 (Obra completa)
040 ## - FUENTE DE CATALOGACIÓN
Agencia de catalogación original BCEG
Idioma de catalogación spa
Agencia que realiza la transcripción BCEG
082 04 - NÚMERO DE CLASIFICACIÓN DECIMAL DEWEY
Número de clasificación IC372.87
Clave de autor-Numero de item C112v
100 ## - ASIENTO PRINCIPAL--NOMBRE PERSONAL
Nombre del autor personal Cabacés, Roser.
245 10 - TÍTULO PROPIAMENTE DICHO
Título Vivamos la música
Otra información sobre el título - Subtitulo : la forma más divertida de acercarse a la música.
246 ## - FORMA VARIANTE DEL TITULO
Título propiamente dicho/forma breve del título La vida tiene música.
246 ## - FORMA VARIANTE DEL TITULO
Título propiamente dicho/forma breve del título La música tiene contrastes.
246 ## - FORMA VARIANTE DEL TITULO
Título propiamente dicho/forma breve del título La música se mueve.
246 ## - FORMA VARIANTE DEL TITULO
Título propiamente dicho/forma breve del título ¡Vamos a tocar!
246 ## - FORMA VARIANTE DEL TITULO
Título propiamente dicho/forma breve del título ¡Vamos a tocar!
246 ## - FORMA VARIANTE DEL TITULO
Título propiamente dicho/forma breve del título Viva la música.
260 ## - PUBLICACIÓN, DISTRIBUCIÓN, ETC. (PIE DE IMPRENTA)
Lugar de publicación, distribución, etc. Barcelona :
Nombre del editor, distribuidor, etc. Parramón : Audio & Video,
Fecha de publicación, distribución, etc. 2001 (reimpresión 2008).
300 ## - DESCRIPCIÓN FÍSICA
Extensión 4 v. :
Otros detalles físicos il.
Material complementario a la obra + 2 CDs.
490 ## - MENCIÓN DE SERIE
Mención de serie Leer, Jugar, Escuchar y Aprender.
500 ## - NOTA GENERAL
Nota General CD-036 (CD 1) ; CD-037 (CD 2).
505 ## - NOTA DE CONTENIDO
Información miscelánea v. 1.
Título La vida tiene música --
Información miscelánea v. 2.
Título La música tiene contrastes --
Información miscelánea v. 3.
Título La música se mueve --
Información miscelánea v. 4.
Título ¡Vamos a tocar! --
Información miscelánea CD. 1.
Título Viva la música --
Información miscelánea CD. 2.
Título Viva la música.
535 ## - NOTA DE UBICACIÓN DE ORIGINALES
Custodio Disponible en la colección de consulta infantil.
541 ## - NOTA DE FUENTE INMEDIATA DE ADQUISICIÓN
Nota de fuente de adquisición Compra.
650 14 - ASIENTO SECUNDARIO DE MATERIA - TERMINO TEMÁTICO
Término temático o nombre geográfico como elemento de entrada Apreciación musical.
650 14 - ASIENTO SECUNDARIO DE MATERIA - TERMINO TEMÁTICO
Término temático o nombre geográfico como elemento de entrada Apreciación musical
Subdivisión de forma Materiales electrónicos
-- Materiales de enseñanza.
650 14 - ASIENTO SECUNDARIO DE MATERIA - TERMINO TEMÁTICO
Término temático o nombre geográfico como elemento de entrada Música
Subdivisión de forma Literatura juvenil.
650 14 - ASIENTO SECUNDARIO DE MATERIA - TERMINO TEMÁTICO
Término temático o nombre geográfico como elemento de entrada Intrumentos musicales
Subdivisión de forma Literatura juvenil.
700 1# - ASIENTO SECUNDARIO - NOMBRE PERSONAL
Nombre personal Vilaplana, Elisabet,
Función o responsabilidad del autor coaut.
700 1# - ASIENTO SECUNDARIO - NOMBRE PERSONAL
Nombre personal Canal, Ma. Fernanda,
Función o responsabilidad del autor dir.
700 1# - ASIENTO SECUNDARIO - NOMBRE PERSONAL
Nombre personal Clariana, Anna,
Función o responsabilidad del autor il.
942 ## - TIPO DE MATERIAL (KOHA)
Tipo de Item KOHA Libro
Existencias
No para Préstamo Colección Biblioteca de Origen Biblioteca Permanente Fecha de Adquisición Fuente de Adquisicion Total de Préstamos Signatura Topográfica Código de Barras Última vez visto Ejemplar Tipo de Material
Material en Reserva Audiovisual Biblioteca Central Estatal de Guanajuato, "Wigberto Jiménez Moreno" Biblioteca Central Estatal de Guanajuato, "Wigberto Jiménez Moreno" 08/04/2026 COMPRA-2025   CDR457 BCEG8655231153 08/04/2026 CD 1 COMPL. CD
Material en Reserva Audiovisual Biblioteca Central Estatal de Guanajuato, "Wigberto Jiménez Moreno" Biblioteca Central Estatal de Guanajuato, "Wigberto Jiménez Moreno" 08/04/2026 COMPRA-2025   CDR457 BCEG8655231154 08/04/2026 CD 2 COMPL. CD
Material en Reserva Infantil Biblioteca Central Estatal de Guanajuato, "Wigberto Jiménez Moreno" Biblioteca Central Estatal de Guanajuato, "Wigberto Jiménez Moreno" 08/04/2026 COMPRA-2025   IC372.87 C112v BCEG8655231149 08/04/2026 v. 1 Libro
Material en Reserva Infantil Biblioteca Central Estatal de Guanajuato, "Wigberto Jiménez Moreno" Biblioteca Central Estatal de Guanajuato, "Wigberto Jiménez Moreno" 08/04/2026 COMPRA-2025   IC372.87 C112v BCEG8655231151 08/04/2026 v. 3 Libro
Material en Reserva Infantil Biblioteca Central Estatal de Guanajuato, "Wigberto Jiménez Moreno" Biblioteca Central Estatal de Guanajuato, "Wigberto Jiménez Moreno" 08/04/2026 COMPRA-2025   IC372.87 C112v BCEG8655231150 08/04/2026 v. 2 Libro
Material en Reserva Infantil Biblioteca Central Estatal de Guanajuato, "Wigberto Jiménez Moreno" Biblioteca Central Estatal de Guanajuato, "Wigberto Jiménez Moreno" 08/04/2026 COMPRA-2025   IC372.87 C112v BCEG8655231152 08/04/2026 v. 4 Libro